| 000 | 00578nam a22001937a 4500 | ||
|---|---|---|---|
| 999 |
_c9163 _d9163 |
||
| 003 | AR-CdUCM | ||
| 008 | 190327b ||||| |||| 00| 0 spa d | ||
| 020 | _a978-9972-847-19-6 | ||
| 040 |
_aMUNICIPALIDAD PROVINCIAL DEL CUSCO _cBIBLIOTECA MUNICIPAL DEL CUSCO |
||
| 082 |
_aSI-0045 / _bLEW / bla |
||
| 100 |
_aLewitus, Eva _925208 |
||
| 245 | _aBlackie, el gato negro / | ||
| 260 |
_aLima : _bSantillana, _c2014. |
||
| 300 |
_a36 páginas ; _bIlustraciones. _c22.5 cm. |
||
| 650 |
_aCuentos infantiles _93927 |
||
| 650 |
_aSiglo XXI _92856 |
||
| 942 |
_2ddc _cLIBROS |
||
| 945 | _aafb | ||